000 00431pab a2200181 454500
008 180718b2009 xxu||||| |||| 00| 0 eng d
100 _aMaza, Adolfo
245 _aProvincial wages in Spain: convergence and flexibility
260 _c2009
300 _ap.1969-993.
362 _aAug
650 _aWages - Spain
650 _aWages
700 _aVillaverde, Jose
773 _aUrban Studies
908 _aN
909 _a83774
999 _c83774
_d83774